Iglesia, monarquía y nación. : Redes de poder y legitimación religiosa en la Real Capilla (1833-1868) /

Kaydedildi:
Detaylı Bibliyografya
Yazar: Martínez Vilches, David (autor.)
Materyal Türü: Ekitap
Dil:İspanyolca
Baskı/Yayın Bilgisi: Alcalá de Henares : Editorial Universidad de Alcalá, 2025.
Seri Bilgileri:Monografías Humanidades ; 103.
Konular:
Online Erişim:https://elibro.unach.elogim.com/es/lc/unach/titulos/287781
Etiketler: Etiketle
Etiket eklenmemiş, İlk siz ekleyin!

MARC

LEADER 00000nam a2200000 i 4500
001 ELB287781
003 FINmELB
005 20251022150000.5
006 m o d |
007 cr cnu||||||||
008 250925s2025 sp o 001 0 spa d
020 |a 9788410432796  |q (e-book) 
035 |a (OCoLC)1546813997 
040 |a FINmELB  |b spa  |e rda  |c FINmELB 
050 4 |a DP65  |b M586 2025 
080 |a 94(460) 
082 0 4 |a 946  |2 23 
100 1 |a Martínez Vilches, David,  |e autor. 
245 1 0 |a Iglesia, monarquía y nación. :  |b Redes de poder y legitimación religiosa en la Real Capilla (1833-1868) /  |c David Martínez Vilches. 
264 1 |a Alcalá de Henares :  |b Editorial Universidad de Alcalá,  |c 2025. 
300 |a 1 recurso en línea (284 páginas) 
336 |a texto  |b txt  |2 rdacontent/spa 
337 |a computadora  |b c  |2 rdamedia/spa 
338 |a recurso en línea  |b cr  |2 rdacarrier/spa 
490 1 |a Monografías Humanidades ;  |v 103 
500 |a Incluye índice. 
588 |a Descripción basada en metadatos suministrados por el editor y otras fuentes. 
590 |a Recurso electrónico. Santa Fe, Arg.: elibro, 2025. Disponible vía World Wide Web. El acceso puede estar limitado para las bibliotecas afiliadas a elibro. 
651 4 |a España  |x Historia  |y Siglo XVII. 
655 4 |a Libros electrónicos. 
797 2 |a elibro, Corp. 
830 0 |a Monografías Humanidades ;  |v 103. 
856 4 0 |u https://elibro.unach.elogim.com/es/lc/unach/titulos/287781